[Event "Koszalin Region-ch ZP-WP U17 Girls"]
[Site "Koszalin"]
[Date "2007.09.16"]
[Round "3.4"]
[White "Bukwa, Karolina"]
[Black "Wojdylo, Zaklin"]
[Result "1-0"]
[WhiteElo "1860"]
[BlackElo "1729"]
[PlyCount "127"]
[EventDate "2007.09.15"]
[EventType "tourn"]
[EventRounds "7"]
[EventCountry "POL"]
[SourceTitle "EXT 2023"]
[Source "ChessBase"]
[SourceDate "2022.10.05"]
[SourceVersion "1"]
[SourceVersionDate "2022.10.05"]
[SourceQuality "1"]

1. d4 d5 2. Nf3 e6 3. e3 c6 4. Be2 f5 5. c4 Bd6 6. Nc3 Nf6 7. c5 Bc7 8. b4 a6 9. a4 Ne4 10. Qc2 Nd7 11. Bb2 Ndf6 12. h3 Bd7 13. Qb3 Nxc3 14. Bxc3 Ne4 15. Bd2 0-0 16. Bd3 Qf6 17. Bc3 f4 18. exf4 Qxf4 19. Qc2 Nxc3 20. Qxc3 e5 21. dxe5 Bxe5 22. Nxe5 Rae8 23. 0-0 Rxe5 24. Qb3 Kh8 25. Bc2 Re2 26. Qd3 Re4 27. b5 axb5 28. axb5 Bf5 29. Qa3 Re2 30. Bxf5 Qxf5 31. Ra2 Rxa2 32. Qxa2 d4 33. bxc6 bxc6 34. Qc4 d3 35. Qd4 Qd5 36. Qxd5 cxd5 37. Rd1 Rc8 38. Rxd3 Rxc5 39. Kf1 Kg8 40. Rf3 g6 41. Ke2 Rc4 42. Kd3 Kg7 43. g3 Re4 44. Re3 Rxe3+ 45. Kxe3 Kf6 46. Kd4 Ke6 47. f4 Kd6 48. g4 Ke6 49. h4 h6 50. Kc5 h5 51. g5 d4 52. Kxd4 Kf5 53. Kd5 Kxf4 54. Ke6 Kg4 55. Kf6 Kxh4 56. Kxg6 Kg4 57. Kf6 h4 58. g6 h3 59. g7 h2 60. g8Q+ Kh3 61. Qd5 Kg3 62. Qh1 Kh3 63. Kf5 Kg3 64. Ke4 1-0

[Event "POL-chT2 U20 Girls"]
[Site "Lublin"]
[Date "2007.07.12"]
[Round "7"]
[White "Prandzioch, Dorota"]
[Black "Wojdylo, Zaklin"]
[Result "0-1"]
[WhiteElo "1801"]
[BlackElo "1729"]
[PlyCount "64"]
[EventDate "2007.07.07"]
[EventType "team-tourn"]
[EventRounds "11"]
[EventCountry "POL"]
[SourceTitle "EXT 2010"]
[Source "ChessBase"]
[SourceDate "2010.11.25"]
[SourceVersion "1"]
[SourceVersionDate "2010.11.25"]
[SourceQuality "1"]

1. e4 c5 2. Nf3 d6 3. c4 g6 4. d4 cxd4 5. Nxd4 Bg7 6. Nc3 Nf6 7. Be2 0-0 8. Be3 Nc6 9. 0-0 a6 10. Rc1 Bd7 11. b3 Qa5 12. f3 Rac8 13. Re1 Nxd4 14. Bxd4 b5 15. Rc2 bxc4 16. Bxc4 Bc6 17. Qe2 Ra8 18. Rec1 e6 19. Qf2 Rfb8 20. Qh4 Qd8 21. Ne2 d5 22. exd5 Bxd5 23. Bxd5 Nxd5 24. Qxd8+ Rxd8 25. Bxg7 Kxg7 26. Rc4 Ne3 27. R4c3 Nd5 28. Rc6 Nb4 29. Rb6 Rd2 30. Rxb4 Rxe2 31. Rb7 Rd8 32. Rb4 Rdd2 0-1

[Event "POL-chT2 U20 Girls"]
[Site "Lublin"]
[Date "2007.07.09"]
[Round "3"]
[White "Bukwa, Karolina"]
[Black "Wojdylo, Zaklin"]
[Result "1-0"]
[WhiteElo "1860"]
[BlackElo "1729"]
[PlyCount "71"]
[EventDate "2007.07.07"]
[EventType "team-tourn"]
[EventRounds "11"]
[EventCountry "POL"]
[SourceTitle "EXT 2010"]
[Source "ChessBase"]
[SourceDate "2010.11.25"]
[SourceVersion "1"]
[SourceVersionDate "2010.11.25"]
[SourceQuality "1"]

1. d4 f5 2. c4 Nf6 3. Nc3 g6 4. Nf3 Bg7 5. e3 0-0 6. Bd3 d6 7. 0-0 Qe8 8. d5 Na6 9. Nd4 Bd7 10. a3 c5 11. Nf3 Nc7 12. Re1 h6 13. Qc2 b5 14. e4 bxc4 15. Bxc4 fxe4 16. Nxe4 Qf7 17. Nxf6+ Qxf6 18. Qe4 Rae8 19. Bd3 Bf5 20. Qc4 g5 21. Re2 Bxd3 22. Qxd3 Qf5 23. Rd2 Qxd3 24. Rxd3 Rf5 25. Rb1 Rxd5 26. Rxd5 Nxd5 27. Bd2 Rb8 28. b4 c4 29. Rd1 Nb6 30. Be3 Rb7 31. Kf1 Na4 32. Nd4 Kf7 33. Nc6 Bb2 34. Nd8+ Kg6 35. Nxb7 c3 36. Bc1 1-0

[Event "POL-chT2 U20 Girls"]
[Site "Lublin"]
[Date "2007.07.08"]
[Round "2"]
[White "Wojdylo, Zaklin"]
[Black "Lasut, Paulina"]
[Result "0-1"]
[WhiteElo "1729"]
[BlackElo "1828"]
[PlyCount "83"]
[EventDate "2007.07.07"]
[EventType "team-tourn"]
[EventRounds "11"]
[EventCountry "POL"]
[SourceTitle "EXT 2010"]
[Source "ChessBase"]
[SourceDate "2010.11.25"]
[SourceVersion "1"]
[SourceVersionDate "2010.11.25"]
[SourceQuality "1"]

1. e4 e5 2. Bc4 Nc6 3. Nc3 Nf6 4. d3 h6 5. Be3 d6 6. h3 Be6 7. Bb3 Qd7 8. f4 exf4 9. Bxf4 Nd4 10. Ba4 c6 11. Be3 Nb5 12. Bxb5 cxb5 13. Nf3 a6 14. Qd2 Rc8 15. Ne2 g5 16. g4 Bg7 17. c3 h5 18. gxh5 g4 19. hxg4 Bxg4 20. Nfd4 Nxh5 21. Rg1 Ke7 22. Nb3 Rcg8 23. 0-0-0 Nf6 24. Bf4 a5 25. Kb1 a4 26. Nbd4 d5 27. e5 Nh5 28. Rdf1 Ke8 29. Ng3 Nxf4 30. Qxf4 Bh6 31. Qf2 Bg7 32. Qf4 Be6 33. Ngf5 Bf8 34. Rxg8 Rxg8 35. Ne3 Rg6 36. Rh1 b4 37. cxb4 Qc8 38. b5 a3 39. Rc1 Qd7 40. b3 Bh6 41. Qf3 Rg5 42. Qh1 0-1

[Event "POL-ch U16 Girls"]
[Site "Leba"]
[Date "2007.03.27"]
[Round "6"]
[White "Wojdylo, Zaklin"]
[Black "Kowara, Magdalena"]
[Result "1/2-1/2"]
[WhiteElo "1787"]
[BlackElo "1861"]
[PlyCount "174"]
[EventDate "2007.03.24"]
[EventType "swiss"]
[EventRounds "11"]
[EventCountry "POL"]
[SourceTitle "EXT 2011"]
[Source "ChessBase"]
[SourceDate "2010.11.26"]
[SourceVersion "1"]
[SourceVersionDate "2010.11.26"]
[SourceQuality "1"]

1. e4 c5 2. Nf3 e6 3. d3 Nc6 4. g3 g6 5. Bg2 Bg7 6. Nbd2 Nge7 7. 0-0 0-0 8. Nb3 d6 9. h3 b5 10. c3 a5 11. Be3 Bb7 12. d4 a4 13. Nc1 cxd4 14. Nxd4 Nxd4 15. Bxd4 Nc6 16. Bxg7 Kxg7 17. Ne2 Ne5 18. Qd4 Kg8 19. Rad1 Nc4 20. Rb1 Qc7 21. b3 axb3 22. axb3 Nb6 23. Ra1 Nd7 24. Kh2 Nc5 25. Qb4 Bc6 26. Rad1 Rfd8 27. Nd4 Na6 28. Qa3 Bd7 29. Qb2 e5 30. Ne2 Nc5 31. f4 Be6 32. Nc1 Bd7 33. f5 Bc6 34. Rde1 Qb7 35. Qe2 b4 36. c4 Ra3 37. Qe3 Ba4 38. Qh6 Qe7 39. bxa4 Nxa4 40. Rf3 Nb2 41. Qd2 Nxc4 42. Qxb4 Rxf3 43. Bxf3 Qc7 44. Ne2 gxf5 45. exf5 Ne3 46. Qe4 Qc5 47. Rc1 Qb6 48. f6 Rb8 49. Ra1 h6 50. Bg2 Nxg2 51. Kxg2 Qb7 52. Qxb7 Rxb7 53. Rd1 Rd7 54. Kf3 Kh7 55. Ke4 Kg6 56. Rf1 Rb7 57. Kd5 Rb2 58. Nc3 Rd2+ 59. Ke4 Rd4+ 60. Ke3 d5 61. g4 Rb4 62. Nxd5 Rb3+ 63. Ke4 Rxh3 64. Kxe5 Kg5 65. Rf4 Rh1 66. Kd6 Re1 67. Ra4 Re6+ 68. Kd7 Re1 69. Kc6 Re6+ 70. Kc5 Re1 71. Ra7 Kg6 72. Re7 Rg1 73. Kd6 Rxg4 74. Kd7 Rd4 75. Kd6 h5 76. Ke5 Rd1 77. Nf4+ Kg5 78. Nxh5 Kxh5 79. Rxf7 Re1+ 80. Kd6 Kg6 81. Rf8 Re2 82. Kd7 Re1 83. Kd6 Re2 84. Kd7 Re1 85. f7 Kg7 86. Re8 Rd1+ 87. Ke6 Re1+ 1/2-1/2

[Event "POL-ch U16 Girls"]
[Site "Leba"]
[Date "2007.03.25"]
[Round "3"]
[White "Nawrot, Elzbieta"]
[Black "Wojdylo, Zaklin"]
[Result "1-0"]
[WhiteElo "1815"]
[BlackElo "1787"]
[PlyCount "105"]
[EventDate "2007.03.24"]
[EventType "swiss"]
[EventRounds "11"]
[EventCountry "POL"]
[SourceTitle "EXT 2011"]
[Source "ChessBase"]
[SourceDate "2010.11.26"]
[SourceVersion "1"]
[SourceVersionDate "2010.11.26"]
[SourceQuality "1"]

1. d4 e6 2. c4 f5 3. Nc3 Nf6 4. Bg5 Be7 5. Nf3 0-0 6. Qc2 c6 7. e3 d5 8. cxd5 exd5 9. Bxf6 Rxf6 10. Bd3 Qe8 11. Rb1 a5 12. a3 Qg6 13. Nh4 Qh5 14. g3 Kh8 15. Nxd5 Rf7 16. Nxe7 Rxe7 17. Bxf5 Bxf5 18. Qxf5 Qe8 19. 0-0 Nd7 20. Ng2 Nf6 21. f3 Qd8 22. Rbd1 Rd7 23. Nf4 Qb6 24. Qc2 Re8 25. Rfe1 Rd6 26. Qf2 Red8 27. Re2 c5 28. Red2 cxd4 29. Rxd4 Rxd4 30. Rxd4 Rc8 31. Rd2 Qb3 32. Rd3 Qf7 33. Qd2 Qc7 34. Rc3 Qb8 35. Rxc8+ Qxc8 36. e4 Nd7 37. Nd3 b6 38. Qc1 Qe8 39. Qc6 Qe7 40. f4 h6 41. e5 Qd8 42. b4 axb4 43. axb4 Nxe5 44. Nxe5 Qd1+ 45. Kf2 Qd2+ 46. Kf3 Qd1+ 47. Ke4 Qb1+ 48. Kd5 Qxb4 49. f5 Qa5+ 50. Ke6 b5 51. Ng6+ Kh7 52. Qc8 Qb6+ 53. Kd5 1-0

[Event "POL-ch U16 Girls"]
[Site "Leba"]
[Date "2007.03.24"]
[Round "1"]
[White "Sikorska, Agata2222"]
[Black "Wojdylo, Zaklin"]
[Result "0-1"]
[WhiteElo "1600"]
[BlackElo "1787"]
[PlyCount "126"]
[EventDate "2007.03.24"]
[EventType "swiss"]
[EventRounds "11"]
[EventCountry "POL"]
[SourceTitle "EXT 2011"]
[Source "ChessBase"]
[SourceDate "2010.11.26"]
[SourceVersion "1"]
[SourceVersionDate "2010.11.26"]
[SourceQuality "1"]

1. c4 e6 2. Nc3 f5 3. g3 Nf6 4. Bg2 c6 5. Nf3 d5 6. cxd5 exd5 7. d4 Bd6 8. 0-0 0-0 9. a3 a5 10. Rb1 Qe8 11. Na4 Nbd7 12. b4 axb4 13. axb4 Qh5 14. Nc5 Ne4 15. Nd2 Nc3 16. Qe1 Nxb1 17. Nxb1 Nf6 18. Nd2 Ng4 19. Nf3 f4 20. h4 fxg3 21. fxg3 Nf6 22. Ng5 Qg4 23. Bf4 Bxc5 24. bxc5 Qd7 25. Bh3 Qe8 26. Bxc8 Rxc8 27. Bd6 Qe3+ 28. Qf2 Rfe8 29. Qxe3 Rxe3 30. Re1 Rce8 31. Kf1 h6 32. Nf3 Ne4 33. Bf4 Rb3 34. Kg2 b6 35. cxb6 Rxb6 36. Ne5 c5 37. Nd7 Rb5 38. dxc5 Nxc5 39. Nxc5 Rxc5 40. e3 Rc2+ 41. Kf1 Kf7 42. Re2 Rxe2 43. Kxe2 d4 44. Kd3 dxe3 45. Bxe3 Kg6 46. Ke2 Kf5 47. Kf3 Re4 48. Bf4 Ra4 49. g4+ Ke6 50. Ke3 Kf6 51. Kf3 Kg6 52. Ke3 h5 53. gxh5+ Kxh5 54. Be5 g6 55. Bf6 Rxh4 56. Bxh4 Kxh4 57. Kf2 Kh3 58. Kf3 g5 59. Kf2 g4 60. Kg1 Kg3 61. Kh1 Kf2 62. Kh2 g3+ 63. Kh1 g2+ 0-1

[Event "POL-ch U16 Girls"]
[Site "Leba"]
[Date "2006.03.31"]
[Round "9"]
[White "Wojdylo, Zaklin"]
[Black "Golek, Jagoda"]
[Result "0-1"]
[WhiteElo "1800"]
[BlackElo "1900"]
[PlyCount "102"]
[EventDate "2006.03.25"]
[EventType "swiss"]
[EventRounds "11"]
[EventCountry "POL"]
[SourceTitle "CBM 111 Extra"]
[Source "ChessBase"]
[SourceDate "2006.05.09"]
[SourceVersion "1"]
[SourceVersionDate "2006.05.09"]
[SourceQuality "1"]

1. e4 d5 2. exd5 Nf6 3. d4 Nxd5 4. Nf3 g6 5. c4 Nb6 6. Nc3 Bg7 7. Be3 0-0 8. Be2 Nc6 9. h3 e5 10. dxe5 Nxe5 11. Nxe5 Bxe5 12. Qc1 Be6 13. b3 f5 14. 0-0 f4 15. Bd2 Bf5 16. Bxf4 Bxf4 17. Qxf4 Bxh3 18. Qe4 Qg5 19. Qxb7 Rab8 20. Qc6 Rf6 21. Qe4 Rf4 22. Qc6 Rbf8 23. Rad1 R4f6 24. Qe4 Re6 25. f4 Rxf4 26. Rd8+ Kg7 27. Qb7 Rxf1+ 28. Bxf1 Qxd8 29. gxh3 Qd4+ 30. Kg2 Qxc3 31. Qxc7+ Kf6 32. Qf4+ Ke7 33. Qc7+ Nd7 34. Qxa7 Qd2+ 35. Qf2 Qxf2+ 36. Kxf2 Ra6 37. Ke3 Rxa2 38. b4 Rb2 39. b5 Kd6 40. Kd4 Nc5 41. Ke3 Ke5 42. Be2 Rb3+ 43. Kf2 Rxh3 44. Bf3 Kd4 45. Bd5 Rb3 46. Bg8 h6 47. Bf7 g5 48. Ke2 g4 49. Kf2 Ne4+ 50. Ke2 Nd6 51. Be6 Re3+ 0-1

[Event "POL-ch U16 Girls"]
[Site "Leba"]
[Date "2006.03.28"]
[Round "6"]
[White "Partyka, Malgorzata"]
[Black "Wojdylo, Zaklin"]
[Result "1-0"]
[WhiteElo "1925"]
[BlackElo "1800"]
[PlyCount "151"]
[EventDate "2006.03.25"]
[EventType "swiss"]
[EventRounds "11"]
[EventCountry "POL"]
[SourceTitle "CBM 111 Extra"]
[Source "ChessBase"]
[SourceDate "2006.05.09"]
[SourceVersion "1"]
[SourceVersionDate "2006.05.09"]
[SourceQuality "1"]

1. d4 e6 2. c4 f5 3. Nc3 Nf6 4. Nf3 Bb4 5. Bd2 0-0 6. g3 c6 7. Bg2 d5 8. c5 Nbd7 9. a3 Bxc3 10. Bxc3 Ne4 11. Bd2 Nxd2 12. Qxd2 Qe8 13. 0-0 e5 14. Nxe5 Nxe5 15. dxe5 Qxe5 16. f4 Qe7 17. b4 b6 18. Rac1 b5 19. Rc3 a5 20. Re3 Qa7 21. Rd1 axb4 22. axb4 Qa2 23. Qd4 Ra7 24. Kf2 h6 25. Re5 Qc4 26. Rxd5 Rc7 27. Rd6 Qxd4+ 28. R1xd4 Bb7 29. Rd7 Rfc8 30. e4 fxe4 31. Bxe4 Kf8 32. Ke3 Ke8 33. Bg6+ Kf8 34. Ke4 Ba6 35. h4 Rxd7 36. Rxd7 Ra8 37. Ke5 Bc8 38. Rc7 Bg4 39. f5 Bf3 40. f6 gxf6+ 41. Kxf6 Bd5 42. g4 Bf3 43. g5 h5 44. Bf5 Bg4 45. g6 Kg8 46. g7 Rd8 47. Be6+ Bxe6 48. Kxe6 Rd4 49. Kf5 Rf4+ 50. Kg6 Rg4+ 51. Kh6 Rg6+ 52. Kxh5 Rh6+ 53. Kg5 Rg6+ 54. Kf5 Rh6 55. Kg5 Rg6+ 56. Kf5 Rh6 57. Kg4 Rg6+ 58. Kh3 Re6 59. h5 Re4 60. Kg2 Re6 61. Kh3 Re3+ 62. Kg2 Re6 63. Kf3 Rh6 64. Kg4 Re6 65. Kh4 Re4+ 66. Kg5 Re1 67. h6 Rg1+ 68. Kf4 Rf1+ 69. Ke3 Re1+ 70. Kf2 Re8 71. Rxc6 Kh7 72. Kf3 Kg8 73. Rf6 Rd8 74. Rf8+ Rxf8+ 75. gxf8Q+ Kxf8 76. c6 1-0

[Event "POL-ch U16 Girls"]
[Site "Leba"]
[Date "2006.03.25"]
[Round "1"]
[White "Dusza, Elzbieta"]
[Black "Wojdylo, Zaklin"]
[Result "1/2-1/2"]
[WhiteElo "1909"]
[BlackElo "1800"]
[PlyCount "51"]
[EventDate "2006.03.25"]
[EventType "swiss"]
[EventRounds "11"]
[EventCountry "POL"]
[SourceTitle "CBM 111 Extra"]
[Source "ChessBase"]
[SourceDate "2006.05.09"]
[SourceVersion "1"]
[SourceVersionDate "2006.05.09"]
[SourceQuality "1"]

1. d4 e6 2. c4 f5 3. Nf3 Nf6 4. Nc3 Be7 5. Bf4 c6 6. d5 d6 7. dxe6 Bxe6 8. Nd4 Bc8 9. Qc2 Qa5 10. a3 Na6 11. g3 Ne4 12. Nb3 Qb6 13. Nxe4 fxe4 14. Qxe4 Qxb3 15. Bxd6 0-0 16. Qxe7 Bf5 17. Be5 Rf7 18. Qh4 Re8 19. Bc3 Be4 20. Rg1 Qxc4 21. e3 Qb3 22. Bxa6 bxa6 23. Rd1 Qc2 24. Rd2 Qc1+ 25. Rd1 Qc2 26. Rd2 1/2-1/2